| 000 | 00342nam a2200145Ia 4500 | ||
|---|---|---|---|
| 008 | 230917s9999||||xx |||||||||||||| ||und|| | ||
| 040 |
_e137391 _aMAIN |
||
| 041 | _aEnglish | ||
| 082 | _a519.5 G599S | ||
| 100 | _aGupta, S.P. | ||
| 245 | 0 | _aStatistical Methods | |
| 250 | _a23rs ed. | ||
| 260 |
_aNew Delhi _bsultan Chand _c174 |
||
| 942 | _cBK | ||
| 999 |
_c57937 _d57937 |
||